Μελέτη μεσοβυζαντινής γλυπτικής : Νάξος - Πάρος
Αποθηκεύτηκε σε:
| Κύριος συγγραφέας: | |
|---|---|
| Συγγραφή απο Οργανισμό/Αρχή: | |
| Μορφή: | Βιβλίο |
| Γλώσσα: | Greek |
| Δημοσίευση: |
Αθήνα :
Υπουργείο Πολιτισμού - 2η εφορεία Βυζαντινών Αρχαιοτήτων,
2000
|
| Θέματα: | |
| Ετικέτες: |
Προσθήκη ετικέτας
Δεν υπάρχουν, Καταχωρήστε ετικέτα πρώτοι!
|
MARC
| LEADER | 00000nam a2200000 i 4500 | ||
|---|---|---|---|
| 001 | 1/19614 | ||
| 008 | 010522s2000 gre d | ||
| 035 | |l 10066915 | ||
| 040 | |a GR-MY-UA |b gre |e aacr | ||
| 041 | 0 | |a gre | |
| 082 | 0 | |a 734.22409499 | |
| 100 | 1 | |a Πέννας, Χαράλαμπος. | |
| 245 | 1 | 0 | |a Μελέτη μεσοβυζαντινής γλυπτικής : |b Νάξος - Πάρος / |c Χαράλαμπος Πέννας ; Υπουργείο Πολιτισμού - 2η εφορεία Βυζαντινών Αρχαιοτήτων |
| 260 | |a Αθήνα : |b Υπουργείο Πολιτισμού - 2η εφορεία Βυζαντινών Αρχαιοτήτων, |c 2000 | ||
| 300 | |a 36 σ. |b εικ. | ||
| 650 | 0 | 0 | |a Sculpture |z Greece |z Paros Island. |
| 650 | 0 | 0 | |a Sculpture |z Greece |z Naxos Island. |
| 710 | 2 | |a Υπουργείο Πολιτισμού |b 2η εφορεία Βυζαντινών Αρχαιοτήτων. | |
| 852 | |a INST |b LESVOS |e 20010522 |h 734.22409499 ΠΕΝ |p 005100028899 |q 005100028899 |t BK |y 0 | ||
| 901 | |a BIBL1-2001-2 | ||
| 909 | |a Λ |b 088030 | ||
| 920 | |a ΥΠΟΥΡΓΕΙΟ ΠΟΛΙΤΙΣΜΟΥ |b 2η ΕΦΟΡΙΑ ΒΥΖΑΝΤΙΝΩΝ ΑΡΧΑΙΟΤΗΤΩΝ |y ΛΕΣΒΟΣ |z 2001-04 | ||
| 970 | |a ΤΖΑΦΕΡΗ |b ΕΥΑΓΓΕΛΙΑ |z 2001/05/22 | ||